Statistics for Greek Mythology by Picture

Click here to take the quiz!

General Stats

  • This quiz has been taken 332 times
  • The average score is 11 of 15

Answer Stats

Answer% Correct
Poseidon
98%
Zeus
92%
Hermes
89%
Athena
86%
Aphrodite
84%
Hera
82%
Eros
80%
Artemis
75%
Dionysus
73%
Apollo
65%
Ares
63%
Pan
62%
Helios
45%
Cronus
35%
Hephaestus
30%

Score Distribution

Percentile by Number Answered

Percent of People with Each Score

Your Score History

You have not taken this quiz